00754npc a2200169Ia 4500001001300000003001000013008004100023040002500064041000700089100001100096245018900107250001100296260004200307300001200349500020900361650001400570dg106-46181 IT-MiCISF161014s9999||||xx | und|| aIT-MiCISFcIT-MiCISF ait aAA.VV. 0aI diritti dell'infanzia e dell'adolescenza in Italiab4° Rapporto di aggiornamento sul monitoraggio della Convenzione sui diritti dell'infanzia e dell'adolescenza in Italia 2007-2008 a1a ed. a RomabSave the Children Italiac2008 app. 150 aGruppo di lavoro per la Convenzione sui diritti dell'infanzia e dell'adolescenza / infanzia, adolescenza, politiche-sociali, diritti-bambino, famiglia, salute, educazione, tempo-libero, abuso-di-minore /  asocietà